000 00622nam a22002177a 4500
003 UA-OsUOA
001 76450
007 ta
008 20110705b un ||||| |||| 00| 0 ukr d
100 _aЦиганок О.
090 _a82
_bЦ58
942 _cSA
040 _aUA-OsUOA
_bukr
_cUA-OsUOA
_dUA-OsUOA
245 _aТеорія епітафії в українських поетиках ХVІІ - першої половини ХVІІІ ст.
300 _aС.35-41
955 _a0
041 _aukr
080 _a82
773 0 _w76448
650 7 _a82 Література. Літературознавство
_2UDC
999 _c362736
_d362736